00453nam a2200181Ia 4500003000900000008004100009040001300050040001300063041000800076100001900084245010300103250000900206260002100215260000900236300000800245490001200253490000600265IT-RoPAU120407s9999 xx 000 0 und d aIT-RoPAU cIT-RoPAU aita aPaul Couturier aEcumenismo Spirituale. Gli scritti di Paul Couturier. Presentazione e commento di Maurice Villain. aRoma aEdizioni Paoline c1965 c cm aDds, 53 v1